|
|
|
|
| LEADER |
01579nam a2200361 a 4500 |
| 001 |
013607540 |
| 003 |
BD-DhAAL |
| 008 |
090729r20082007stka b 001 0 eng d |
| 999 |
|
|
|c 8654
|d 8654
|
| 020 |
|
|
|a 9780443069116 (pbk.) :
|c Đ41.99
|
| 020 |
|
|
|a 9780808923541
|
| 020 |
|
|
|a 0808923544
|
| 040 |
|
|
|a StDuBDS
|b eng
|c StDuBDS
|d Uk
|
| 082 |
0 |
4 |
|a 615.1
|2 22
|
| 245 |
0 |
0 |
|a Rang & Dale's pharmacology /
|c H. P. Rang ... [et al.].
|
| 246 |
1 |
3 |
|a Pharmacology
|
| 250 |
|
|
|a Sixth edition
|
| 260 |
|
|
|a [Edinburgh] :
|b Churchill Livingstone,
|c 2007 [reprinted 2008].
|
| 300 |
|
|
|a xiii, 829 pages :
|b col. illustrations ;
|c 28 cm.
|
| 500 |
|
|
|a Includes Internet access.
|
| 500 |
|
|
|a Previous ed.: published as Pharmacology. 2003.
|
| 500 |
|
|
|a Formerly CIP.
|5 Uk
|
| 504 |
|
|
|a Includes bibliographical references and index.
|
| 541 |
1 |
|
|e 00018932
|
| 650 |
|
0 |
|a Pharmacology.
|9 43783
|
| 650 |
|
0 |
|a Pharmacy.
|9 43784
|
| 700 |
1 |
|
|a Rang, H. P.
|9 43785
|
| 700 |
1 |
|
|a Dale, Maureen M.
|9 43786
|
| 852 |
4 |
|
|a Ayesha Abed Library
|j General Shelf.
|
| 942 |
0 |
0 |
|0 1
|2 ddc
|c BK
|
| 952 |
|
|
|0 0
|1 0
|2 ddc
|4 0
|6 615_100000000000000_RAN_2008
|7 0
|9 10374
|a BRACUL
|b BRACUL
|c GEN
|d 2010-05-19
|l 14
|m 136
|o 615.1 RAN
|p 3010018932
|r 2026-03-29
|s 2026-03-04
|t 1
|w 2010-05-19
|y BK
|
| 952 |
|
|
|0 0
|1 0
|2 ddc
|4 0
|6 615_100000000000000_RAN_2008
|7 0
|9 10375
|a BRACUL
|b BRACUL
|c GEN
|d 2010-05-19
|l 12
|m 142
|o 615.1 RAN
|p 3010018933
|r 2023-01-15
|s 2022-08-17
|t 2
|w 2010-05-19
|y BK
|
| 952 |
|
|
|0 0
|1 0
|2 ddc
|4 0
|6 615_100000000000000_RAN_2008
|7 0
|9 10377
|a PHR
|b PHR
|c GEN
|d 2010-05-19
|l 7
|m 41
|o 615.1 RAN
|p 3010018934
|r 2016-05-05
|s 2016-02-03
|t 3
|w 2010-05-19
|y BK
|